| 000 | 00457nam a2200193Ia 4500 | ||
|---|---|---|---|
| 003 | OSt | ||
| 005 | 20230509140329.0 | ||
| 008 | 210423s1997 xx 000 0 und d | ||
| 040 | _cAL | ||
| 041 | _aeng | ||
| 082 |
_a658 _223 _bKUMM |
||
| 100 |
_aKUMAR (Pradeep) _9100944 |
||
| 245 | _aManagement concept. | ||
| 250 | _a12 | ||
| 260 |
_aNew Delhi _bKedarnath Ramnath _c1997 |
||
| 365 |
_b70 _cINR |
||
| 906 | _aconcept. ; Management | ||
| 942 |
_2ddc _cBK |
||
| 999 |
_c171515 _d171515 |
||